Gaming Quiz

Random Gaming or Pokémon Quiz

100 Tiny Nintendo Characters (part 2) Quiz Stats

 Plays Quiz not verified by Sporcle

Challenge
Share
Tweet
Score 0/100 Timer 12:00
0 Plays Today
Column/row Name % Correct
A2Toad
93.5%
A1Charizard
90.1%
A7Diddy Kong
88.5%
B5Dr. Mario
85.3%
H1Mewtwo
83.3%
C3Daisy
82.8%
J2Bowser Jr.
78.9%
B2Falco Lombardi
78.8%
A5Sheik
76.5%
A10Wolf O'Donnell
74.6%
A6Lucas
73.6%
G3Birdo
73.4%
C7Nana
73.3%
A3Ike
66.3%
A4(Zero Suit) Samus
65.2%
F4Rosalina
61.3%
G8Bidoof
57.8%
D6Mareep
57.7%
B6Metagross
57.3%
I9Groudon
56.9%
A9Mii (of Satoru Iwata)
56.3%
A8Waddle Dee
55.7%
D7Lakitu
55.6%
I5Mr. Saturn
54.3%
C4Tetra
52.4%
F2Roy
52.1%
F9Darkrai
47.4%
B9The Great Deku Tree
45.2%
B7K. K. Slider
43.5%
E10Pokey Minch
42.4%
E3Professor E. Gadd
41.9%
E4Professor Birch
40.3%
D5Balloon Fighter
38.6%
H7Whispy Woods
38.4%
Column/row Name % Correct
B4King of Red Lions
37.5%
G1Geno
37%
J10Tabuu
35%
B10Kraid
34.6%
B8Jeff Andonuts
34.5%
C2Ashley
33.4%
I4Agatha
33.1%
J3Panther Caroso
32.4%
C8Jasmine
32.4%
J1Silver
31.5%
J8King Hippo
30.7%
H9Samurai Goroh
28.9%
J6Zero
28.6%
C1Lyn (Lyndis)
26.4%
G9General Pepper
24.7%
D10Angry Sun
24.5%
D1ERROR
23.7%
F10Count Dimentio
22.7%
H3Bongo Bongo
22.4%
I1Prince Tricky
21.4%
B1The President
20.9%
I2Minish (Picori)
20.7%
B3Soda Popinski
19.7%
D9Gooey
19.1%
D4Lolo
18.7%
F7Pico
18.5%
G5Sow Joan
18.3%
G10Zant
16.5%
E2Dr. Ryuta Kawashima
15.8%
H2King Kaliente
15.1%
F5Chef Kawasaki
14.5%
J7Agahnim
14.1%
E6Celeste
13.9%
F6Stanley the Bugman
13.2%
Column/row Name % Correct
E1Dr. Robert Stewart
12.9%
E5Penny Crygor
12.4%
I8Lip
12.2%
F8Burrowing Snagret
12.2%
I6Il Piantissimo
11.5%
C10Medusa
11.3%
I3Jimmy P
11%
C9Sami
10.3%
G6Metroid Prime (Core Essence)
10.2%
J5Waterwraith
10.2%
G2Kine
10.1%
C6Labelle
9.9%
H10Ashnard
9.9%
D3Bubbles
8.4%
E9Dr. Lobe
8.1%
J4The Shake King
8%
H8Ness's Nightmare
7.7%
H4Mad Jack
7.6%
I7Commander Adam Malkovich
7.6%
F3Agent J
6.8%
E7Kyle Hyde
6.4%
C5Chuchu
6.3%
D2Abstract Art
5.6%
I10Dread Kong
5.4%
G7Donbe
5.2%
J9Queen B.
5.1%
G4QQQ
4.8%
H5Omega Pirate
4.5%
E8Dr. Mizumi
3%
H6Vulcain
2.8%
D8Smick
1.7%
F1Rec-Rec
1.5%

You're not logged in!

Compare scores with friends on all Sporcle quizzes.
OR
Log In

You Might Also Like...

Show Comments

Extras

Top Quizzes Today


Score Distribution

Your Account Isn't Verified!

In order to create a playlist on Sporcle, you need to verify the email address you used during registration. Go to your Sporcle Settings to finish the process.

Report this User

Report this user for behavior that violates our Community Guidelines.

Details: